| 000 | 01039nam a2200289Ia 4500 | ||
|---|---|---|---|
| 003 | OSt | ||
| 005 | 20220923211543.0 | ||
| 006 | a|||||r|||| 00| 0 | ||
| 007 | ta | ||
| 008 | 220922b |||||||| |||| 00| 0 hin d | ||
| 020 |
_a9789383513321 (hbk) _c350 |
||
| 024 | _a348,839 | ||
| 037 |
_b254, 28/01/2019, Eastern Book Linkers _cTextual |
||
| 040 |
_aARTS _cARTS _bhin |
||
| 041 |
_2hin _ahin |
||
| 082 | _aO152,3NMAx, Q8 | ||
| 100 | _aमलिक, कुसुमलता, ले. | ||
| 245 | 0 | _aकही - अनकही | |
| 246 | _aKahī - anakahī | ||
| 250 | _aद्वितीय संस्करण | ||
| 260 |
_aनई दिल्ली _b स्वराज प्रकाशन _c2018 |
||
| 300 |
_a119पृ. _ccm. |
||
| 650 |
_a हिन्दी साहित्य _9156264 |
||
| 650 | _aहिन्दी कहानी | ||
| 942 |
_hO152,3NMAx, Q8 _cTEXL _2CC |
||
| 999 |
_c300716 _d300716 |
||